[Event "DVM U14 2013"]
[Site "Magdeburg GER"]
[Date "2013.12.28"]
[Round "4"]
[White "Jurga, Jonas Vincent"]
[Black "Schmitz, Fabian"]
[Result "1-0"]
[Termination "normal"]
[Board "6.3"]
[WhiteElo "1641"]
[BlackElo "1484"]
[WhiteTeam "OSG Baden-Baden"]
[BlackTeam "VfSuF Düsseldorf-Süd"]
[WhiteFideId "12968013"]
[BlackFideId "12965006"]
[EventCountry "GER"]
[EventRounds "7"]
[EventType "team-swiss"]
[EventDate "2013.12.26"]

1. e4 e6 2. d4 d5 3. e5 c5 4. c3 Qb6 5. Bd3 Bd7 6. Nf3 Bb5 7. O-O Bxd3 8. Qxd3
Nc6 9. dxc5 Bxc5 10. b4 Be7 11. Be3 Qc7 12. Nbd2 Nxe5 13. Nxe5 Qxe5 14. Qb5+
Kf8 15. Qxb7 Rb8 16. Qxa7 Bd6 17. Nf3 Qf6 18. Bc5 Qd8 19. Ne5 Ne7 20. Bxd6 Qxd6
21. Qxb8+ Qxb8 22. Nd7+ Ke8 23. Nxb8 f6 24. a4 Kf7 25. Nd7 Rd8 26. Nc5 Nc6 27.
a5 Na7 28. Rfb1 Nb5 29. a6 Nxc3 30. a7 Ra8 31. b5 Nxb5 32. Rxb5 Rxa7 33. Rxa7+
1-0

[Event "DVM U14 2013"]
[Site "Magdeburg GER"]
[Date "2013.12.28"]
[Round "4"]
[White "Günaydin, Alperen"]
[Black "Greßmann, Moritz"]
[Result "0-1"]
[Termination "normal"]
[Board "7.1"]
[WhiteElo "1735"]
[BlackElo "1919"]
[WhiteTeam "OSC Rheinhausen"]
[BlackTeam "BSV 63 Chemie Weißensee"]
[WhiteFideId "12949230"]
[BlackFideId "24695084"]
[EventCountry "GER"]
[EventRounds "7"]
[EventType "team-swiss"]
[EventDate "2013.12.26"]

1. d4 d5 2. c4 dxc4 3. e3 e5 4. Bxc4 exd4 5. exd4 Nf6 6. Nf3 Bd6 7. O-O O-O 8.
Nc3 Nc6 9. Bg5 Be7 10. a3 Bg4 11. d5 Ne5 12. Be2 Ng6 13. Qd4 Bc8 14. Rfd1 h6
15. Be3 Ng4 16. Qd2 Nxe3 17. fxe3 Re8 18. Nd4 Bg5 19. Nc2 Qe7 20. Re1 Bxe3+ 21.
Nxe3 Qxe3+ 22. Qxe3 Rxe3 23. Kf2 Re7 24. Rac1 a6 25. d6 cxd6 26. Nd5 Rxe2+ 27.
Rxe2 Be6 28. Nb6 Rd8 29. Rc7 d5 30. Rd2 d4 31. Rc5 Rd6 32. Nc4 Bxc4 33. Rxc4 d3
34. Re4 f6 35. Ke3 Ne5 36. Rd4 Rc6 37. R2xd3 Nxd3 38. Kxd3 Rc7 39. Rc4 Rxc4 40.
Kxc4 f5 41. b4 g5 42. g3 Kf7 43. Kd4 Ke6 44. a4 b6 45. h3 h5 46. h4 gxh4 47.
gxh4 Kd6 48. b5 a5 49. Ke3 Ke5 50. Kf3 f4 51. Kf2 Ke4 0-1

[Event "DVM U14 2013"]
[Site "Magdeburg GER"]
[Date "2013.12.28"]
[Round "4"]
[White "Fege, Julian"]
[Black "Roth, Jan Paul"]
[Result "1-0"]
[Termination "normal"]
[Board "7.2"]
[WhiteElo "1557"]
[BlackElo "1466"]
[WhiteTeam "BSV 63 Chemie Weißensee"]
[BlackTeam "OSC Rheinhausen"]
[WhiteFideId "24699551"]
[BlackFideId "12952419"]
[EventCountry "GER"]
[EventRounds "7"]
[EventType "team-swiss"]
[EventDate "2013.12.26"]

1. e4 e6 2. d3 d5 3. Nd2 c5 4. Ngf3 Nc6 5. g3 Nf6 6. Bg2 Be7 7. O-O O-O 8. Re1
Rb8 9. h4 a5 10. Ng5 h6 11. Nh3 d4 12. Nf1 e5 13. Nh2 Be6 14. f4 Nh7 15. f5 Bd7
16. Rf1 f6 17. Qg4 Kh8 18. Qe2 b5 19. Bf3 Be8 20. Bh5 Bxh5 21. Qxh5 Qe8 22. Qg6
Nb4 23. Rf2 Rc8 24. a3 Nc6 25. Qg4 Rg8 26. Rg2 Ra8 27. Qe2 Qf7 28. g4 g5 29.
hxg5 fxg5 30. Nf1 Nf6 31. Rh2 Kg7 32. Bxg5 hxg5 33. Nxg5 Qe8 34. Ne6+ Kf7 35.
g5 Rc8 36. Rh7+ Nxh7 37. Qh5+ 1-0

[Event "DVM U14 2013"]
[Site "Magdeburg GER"]
[Date "2013.12.28"]
[Round "4"]
[White "Özkan, Afet-Ekin"]
[Black "Fabiunke, Jakob"]
[Result "1/2-1/2"]
[Termination "normal"]
[Board "7.3"]
[WhiteElo "1448"]
[BlackElo "1478"]
[WhiteTeam "OSC Rheinhausen"]
[BlackTeam "BSV 63 Chemie Weißensee"]
[WhiteFideId "12952117"]
[BlackFideId "24686085"]
[EventCountry "GER"]
[EventRounds "7"]
[EventType "team-swiss"]
[EventDate "2013.12.26"]

1. c4 Nf6 2. Nc3 g6 3. g3 Bg7 4. Bg2 O-O 5. Nf3 d6 6. O-O Nbd7 7. d4 e5 8. d5
h6 9. e4 Nh7 10. b4 a5 11. Ba3 axb4 12. Bxb4 f5 13. Nh4 Qe8 14. Nb5 {nicht
nachvollziehbar} 1/2-1/2

[Event "DVM U14 2013"]
[Site "Magdeburg GER"]
[Date "2013.12.28"]
[Round "4"]
[White "Engel, Johann"]
[Black "Tong, Kevin"]
[Result "1/2-1/2"]
[Termination "normal"]
[Board "8.1"]
[WhiteElo "1769"]
[BlackElo "1674"]
[WhiteTeam "Brühler SK 1920"]
[BlackTeam "SC Erlangen"]
[WhiteFideId "12920509"]
[BlackFideId "12913944"]
[EventCountry "GER"]
[EventRounds "7"]
[EventType "team-swiss"]
[EventDate "2013.12.26"]

1. d4 Nf6 2. Nf3 c5 3. d5 d6 4. Nc3 g6 5. e4 Bg7 6. Bd3 O-O 7. O-O Bg4 8. h3
Bxf3 9. Qxf3 Nbd7 10. Be3 Rc8 11. Qe2 a6 12. a4 Qa5 13. Qd2 Rfe8 14. f3 Qc7 15.
Bh6 Bh8 16. Bf4 Nh5 17. Bh2 c4 18. Be2 Qb6+ 19. Kh1 Qxb2 20. Na2 Qa3 21. c3 Qc5
22. Rfb1 Qf2 23. Qe1 Qxe1+ 24. Rxe1 Be5 25. Bxe5 Nxe5 26. Rab1 Rc7 27. Kh2 Nf4
28. Nb4 Ned3 29. Bxd3 Nxd3 30. Red1 Nc5 31. Ra1 Nb3 32. Ra2 Rb8 33. Kg3 a5 34.
Nc2 b5 35. axb5 Rxb5 36. Nd4 Nxd4 37. Rxd4 Rb3 38. Rxa5 Rxc3 39. Ra6 Rc2 40.
Rc6 Rb7 41. Rdxc4 Rd2 42. Rc2 Rb2 43. Rxb2 Rxb2 44. Rc7 Kf8 45. Ra7 f6 46. Rc7
g5 47. Ra7 h5 48. Rc7 Kf7 49. Ra7 Rd2 50. Rb7 h4+ 51. Kh2 f5 52. Rb4 Kf6 53.
Kg1 Ke5 54. Rb7 Kf4 55. Kh2 fxe4 56. fxe4 Kxe4 57. Rxe7+ Kf5 58. Rf7+ Kg6 59.
Rf3 Rxd5 60. g3 hxg3+ 61. Kxg3 Rf5 62. Rd3 d5 63. h4 gxh4+ 64. Kxh4 Kf6 65. Kg4
Ke6 66. Re3+ Re5 67. Kf4 Rxe3 68. Kxe3 Ke5 69. Kd3 d4 70. Kd2 Ke4 71. Ke2 d3+
72. Kd2 Kd4 73. Kd1 Kc3 74. Kc1 Kd4 75. Kd2 Ke4 76. Kd1 Ke3 77. Ke1 1/2-1/2

[Event "DVM U14 2013"]
[Site "Magdeburg GER"]
[Date "2013.12.28"]
[Round "4"]
[White "Haas, Maximilian"]
[Black "Niesel, Tobias"]
[Result "1-0"]
[Termination "normal"]
[Board "8.2"]
[WhiteElo "1572"]
[BlackElo "1688"]
[WhiteTeam "SC Erlangen"]
[BlackTeam "Brühler SK 1920"]
[WhiteFideId "12959219"]
[BlackFideId "12962155"]
[EventCountry "GER"]
[EventRounds "7"]
[EventType "team-swiss"]
[EventDate "2013.12.26"]

1. e4 c6 2. d4 g6 3. Nc3 d5 4. f3 Bg7 5. Be3 dxe4 6. fxe4 Nf6 7. Nf3 Bg4 8. Bc4
b5 9. Bxf7+ Kxf7 10. Ne5+ Ke8 11. Nxg4 Nxg4 12. Qxg4 Nd7 13. Qe6 Qc7 14. O-O
Rf8 15. Rxf8+ Nxf8 16. Qg8 e6 17. Rf1 Rd8 18. e5 Qe7 19. Ne4 Rd7 20. Bg5 Qb4
21. Nd6+ Rxd6 22. exd6 Bxd4+ 23. Kh1 Qxd6 24. Qf7# 1-0

[Event "DVM U14 2013"]
[Site "Magdeburg GER"]
[Date "2013.12.28"]
[Round "4"]
[White "Thierkopf, Constantin"]
[Black "Grüninger, Maxim"]
[Result "1-0"]
[Termination "normal"]
[Board "8.3"]
[WhiteElo "1392"]
[BlackElo "1606"]
[WhiteTeam "Brühler SK 1920"]
[BlackTeam "SC Erlangen"]
[WhiteFideId "12983608"]
[BlackFideId "12942960"]
[EventCountry "GER"]
[EventRounds "7"]
[EventType "team-swiss"]
[EventDate "2013.12.26"]

1. e4 e5 2. Nf3 Nc6 3. Nc3 Bc5 4. Bc4 Nf6 5. d3 h6 6. Be3 d6 7. Bxc5 dxc5 8.
Bb5 Qd6 9. Bxc6+ bxc6 10. O-O O-O 11. h3 Re8 12. Nd2 Bd7 13. Nb3 Rab8 14. Na4
Nh7 15. Naxc5 Bc8 16. Rb1 Ng5 17. Re1 Qg6 18. Kf1 Qf6 19. Re3 Nh7 20. Qf3 Qd6
21. Rd1 Rf8 22. d4 f5 23. dxe5 fxe4 24. exd6 exf3 25. d7 fxg2+ 26. Kxg2 Bb7 27.
Nxb7 1-0

[Event "DVM U14 2013"]
[Site "Magdeburg GER"]
[Date "2013.12.28"]
[Round "4"]
[White "Buzatu, Alexander"]
[Black "Yeritsyan, Artur"]
[Result "0-1"]
[Termination "normal"]
[Board "8.4"]
[WhiteElo "1211"]
[BlackElo "1406"]
[WhiteTeam "SC Erlangen"]
[BlackTeam "Brühler SK 1920"]
[WhiteFideId "12983560"]
[BlackFideId "12983616"]
[EventCountry "GER"]
[EventRounds "7"]
[EventType "team-swiss"]
[EventDate "2013.12.26"]

1. e4 e5 2. Nf3 Nc6 3. Nc3 Bc5 4. Bc4 Nf6 5. h3 d6 6. d3 Na5 7. a3 Nxc4 8. dxc4
a5 9. Qe2 O-O 10. Be3 Bxe3 11. Qxe3 Be6 12. b3 Nd7 13. a4 f5 14. Ng5 Bxc4 15.
bxc4 f4 16. Ne6 fxe3 17. Nxd8 exf2+ 18. Ke2 Raxd8 19. Rhf1 Nc5 20. Rxf2 Rxf2+
21. Kxf2 Rf8+ 22. Ke3 c6 23. Rd1 Rf6 24. h4 Rg6 25. Kf3 Kf7 26. g4 Rf6+ 27. Kg2
Ne6 28. Ne2 Ke7 29. g5 Nf4+ 30. Kf3 Rf8 31. Nxf4 Rxf4+ 32. Ke3 Rxh4 33. c5 dxc5
34. Kd3 Rh5 35. Kc4 Rxg5 36. Kxc5 Rg2 37. Rb1 Rxc2+ 38. Kb6 Rc4 39. Kxa5 b5 40.
Rxb5 cxb5 41. Kxb5 Rxa4 42. Kxa4 0-1

[Event "DVM U14 2013"]
[Site "Magdeburg GER"]
[Date "2013.12.28"]
[Round "4"]
[White "Kuhn, Magnus"]
[Black "Schaefer, Matthes"]
[Result "0-1"]
[Termination "normal"]
[Board "9.1"]
[WhiteElo "1653"]
[BlackElo "1537"]
[WhiteTeam "SV Stuttgart-Wolfbusch"]
[BlackTeam "BSG Grün-Weiß Leipzig"]
[WhiteFideId "12926345"]
[BlackFideId "12946117"]
[EventCountry "GER"]
[EventRounds "7"]
[EventType "team-swiss"]
[EventDate "2013.12.26"]

1. e4 e6 2. d4 d5 3. e5 c5 4. c3 Nc6 5. Nf3 Bd7 6. Be2 Nge7 7. O-O Nf5 8. Na3
cxd4 9. cxd4 Qb6 10. Nc2 Be7 11. Bd3 O-O 12. b3 f6 13. g4 fxe5 14. Nxe5 Nxe5
15. dxe5 Nh4 16. Be2 Ng6 17. Bb2 Bc5 18. Qe1 Nf4 19. Ba3 Bc6 20. Bf3 d4 21.
Bxc6 Qxc6 22. f3 d3+ 23. Bxc5 Qxc5+ 24. Ne3 Ne2+ 25. Kf2 Qxe5 26. Nc4 Qxh2+ 27.
Ke3 Rad8 28. Nd2 Qf4+ 29. Kf2 Qxg4 30. Rd1 Qg5 31. Ne4 Rxf3+ 32. Kxf3 Nd4+ 33.
Kf2 Rf8+ 0-1

[Event "DVM U14 2013"]
[Site "Magdeburg GER"]
[Date "2013.12.28"]
[Round "4"]
[White "Caprita, Victor"]
[Black "Dallinger, Moritz"]
[Result "0-1"]
[Termination "normal"]
[Board "9.2"]
[WhiteElo "1658"]
[BlackElo "1528"]
[WhiteTeam "BSG Grün-Weiß Leipzig"]
[BlackTeam "SV Stuttgart-Wolfbusch"]
[WhiteFideId "12946125"]
[BlackFideId "12910864"]
[EventCountry "GER"]
[EventRounds "7"]
[EventType "team-swiss"]
[EventDate "2013.12.26"]

1. d4 Nf6 2. c4 e6 3. Nc3 Bb4 4. a3 Bxc3+ 5. bxc3 O-O 6. Bg5 d6 7. e4 h6 8.
Bxf6 Qxf6 9. Nf3 b6 10. Bd3 c5 11. O-O Bb7 12. Qc2 Qe7 13. Rab1 Nd7 14. Rfe1
Rac8 15. d5 e5 16. a4 Ba6 17. Qa2 Rb8 18. a5 Bb7 19. axb6 a6 20. Bc2 Kh8 21.
Ba4 Rfc8 22. Nh4 g6 23. Nf3 f5 24. Qd2 f4 25. Nh4 Rg8 26. g3 Bc8 27. b7 Rxb7
28. Rxb7 Bxb7 29. gxf4 Nb6 30. Nf3 Nxa4 31. Ra1 Nb6 32. Rb1 Nxc4 33. Qa2 Rf8
34. Qxc4 Rxf4 35. Qe2 Qf7 36. Nd2 Bc8 37. Rb8 Qc7 38. Rb1 Qd8 39. Nc4 Qg5+ 40.
Kh1 Bg4 41. Rb8+ Kg7 42. Rb7+ Kf6 43. Nxd6 Qh5 44. Qe3 Bf3+ 45. Kg1 Qg4+ 0-1

[Event "DVM U14 2013"]
[Site "Magdeburg GER"]
[Date "2013.12.28"]
[Round "4"]
[White "Weber, Simon"]
[Black "Kahl, Marvin"]
[Result "1-0"]
[Termination "normal"]
[Board "9.3"]
[WhiteElo "1386"]
[BlackElo "1387"]
[WhiteTeam "SV Stuttgart-Wolfbusch"]
[BlackTeam "BSG Grün-Weiß Leipzig"]
[WhiteFideId "12983640"]
[BlackFideId "12983624"]
[EventCountry "GER"]
[EventRounds "7"]
[EventType "team-swiss"]
[EventDate "2013.12.26"]

1. e4 c6 2. d4 d5 3. Nc3 dxe4 4. Nxe4 Bf5 5. Ng3 Bg6 6. Nf3 Nf6 7. Bd3 Bxd3 8.
Qxd3 e6 9. Bg5 Nbd7 10. O-O-O b5 11. Ne5 Qc7 12. Rhe1 Nxe5 13. dxe5 Nd5 14. Kb1
Be7 15. Bxe7 Qxe7 16. Ne4 O-O 17. c4 bxc4 18. Qxc4 Rab8 19. Qxc6 Qa3 20. Rd2
Qxa2+ 21. Kxa2 Nb4+ 22. Ka1 Nxc6 23. f4 Rfd8 24. Red1 Rxd2 25. Rxd2 h6 26. Rd7
Rb4 27. Rc7 Nxe5 28. Rc8+ Kh7 29. Ng5+ hxg5 30. fxe5 Rb5 31. Rc7 Kg6 32. Rxa7
Rxe5 33. h3 Re2 34. g4 Rh2 35. Ra3 Kf6 36. b4 Rh1+ 37. Kb2 Rh2+ 38. Kc1 Ke7 39.
b5 Rh1+ 40. Kc2 Kd6 41. Ra7 Rh2+ 42. Kd1 f5 43. gxf5 exf5 44. Rxg7 Rg2 45. b6
g4 46. b7 Rb2 47. hxg4 f4 48. Rf7 Ke5 49. g5 Ke6 50. g6 f3 51. Ke1 Re2+ 52. Kf1
Rb2 53. Rc7 Rb1+ 54. Kf2 Rb2+ 55. Kxf3 Rb3+ 56. Ke4 Rb4+ 57. Kd3 Rb1 58. g7
Rd1+ 59. Ke2 Rd8 60. Rc8 Kd7 61. Rxd8+ Kxd8 62. g8=Q+ 1-0

[Event "DVM U14 2013"]
[Site "Magdeburg GER"]
[Date "2013.12.28"]
[Round "4"]
[White "Jahn, Felix"]
[Black "Kobald, Pierre"]
[Result "1-0"]
[Termination "normal"]
[Board "9.4"]
[WhiteElo "1384"]
[BlackElo "1095"]
[WhiteTeam "BSG Grün-Weiß Leipzig"]
[BlackTeam "SV Stuttgart-Wolfbusch"]
[WhiteFideId "12983632"]
[BlackFideId "12983659"]
[EventCountry "GER"]
[EventRounds "7"]
[EventType "team-swiss"]
[EventDate "2013.12.26"]

1. e4 c5 2. Nf3 Nc6 3. d4 cxd4 4. Nxd4 g6 5. Nc3 Bg7 6. Be3 Nf6 7. f3 Qa5 8.
Qd2 O-O 9. g4 Qb4 10. O-O-O e6 11. h4 a5 12. h5 a4 13. Bh6 Nxe4 14. fxe4 Bxh6
15. Qxh6 Nxd4 16. hxg6 Re8 17. Qxh7+ Kf8 18. Qxf7# 1-0

[Event "DVM U14 2013"]
[Site "Magdeburg GER"]
[Date "2013.12.28"]
[Round "4"]
[White "Sirbu, Nikita"]
[Black "Herbert, Fabian"]
[Result "0-1"]
[Termination "normal"]
[Board "10.1"]
[WhiteElo "1282"]
[BlackElo "1327"]
[WhiteTeam "Karlsruher SF 1853"]
[BlackTeam "Sfr. Schöneck"]
[WhiteFideId "12946370"]
[BlackFideId "12940402"]
[EventCountry "GER"]
[EventRounds "7"]
[EventType "team-swiss"]
[EventDate "2013.12.26"]

1. d4 c5 2. d5 e6 3. c4 Nf6 4. Nc3 g6 5. Nf3 Bg7 6. g3 O-O 7. Bg2 d6 8. O-O Bd7
9. Re1 Re8 10. Qb3 Qc7 11. Bf4 Na6 12. a3 Rab8 13. Rad1 e5 14. Bg5 Qb6 15. Qxb6
axb6 16. Bxf6 Bxf6 17. Ne4 Be7 18. Rd3 f5 {nicht nachvollziehbar} 0-1

[Event "DVM U14 2013"]
[Site "Magdeburg GER"]
[Date "2013.12.28"]
[Round "4"]
[White "Timpel, Kaan"]
[Black "Kokshenyev, Michael"]
[Result "1/2-1/2"]
[Termination "normal"]
[Board "10.2"]
[WhiteElo "1044"]
[BlackElo "1091"]
[WhiteTeam "Sfr. Schöneck"]
[BlackTeam "Karlsruher SF 1853"]
[WhiteFideId "12983683"]
[BlackFideId "12983721"]
[EventCountry "GER"]
[EventRounds "7"]
[EventType "team-swiss"]
[EventDate "2013.12.26"]

1. e4 e5 2. Nf3 Nc6 3. Bc4 Bc5 4. d3 Nf6 5. Bg5 h6 6. Bh4 O-O 7. O-O d6 8. h3
Be6 9. Nc3 Qe7 10. Bd5 a6 11. a3 Rab8 12. b4 Bd4 13. Qd2 Na7 14. Rab1 Bxc3 15.
Qxc3 Nb5 16. Qb3 c6 17. a4 cxd5 18. exd5 Bxd5 19. Qxd5 Nxd5 20. Bxe7 Nxe7 21.
axb5 axb5 22. Ra1 Rfc8 23. Rfc1 Ng6 24. g3 Rc3 25. Ra5 e4 26. Ne1 exd3 27. Nxd3
Ne5 28. Nxe5 dxe5 29. Rxb5 e4 30. Re5 Rc4 31. c3 Rbc8 32. Kg2 Kh7 33. Re7 R8c7
34. Rxc7 Rxc7 35. Kf1 f5 36. Ke2 Kg6 37. Ke3 Kf6 38. Kf4 g5+ 39. Ke3 Ke5 40.
f4+ Kd5 41. fxg5 hxg5 42. b5 Rc4 43. Kd2 Kc5 44. Rb1 Ra4 45. Ke3 Rc4 46. Rb3 b6
47. h4 Ra4 48. hxg5 Ra8 49. g4 Rf8 50. gxf5 Rxf5 51. Kxe4 Rxg5 52. Kd3 Rg4 53.
Kd2 Rc4 54. Kc2 Re4 55. Kb2 Ra4 56. Ra3 Kxb5 57. Rb3+ Kc5 58. Kc2 b5 59. Kd3
Rc4 1/2-1/2

[Event "DVM U14 2013"]
[Site "Magdeburg GER"]
[Date "2013.12.28"]
[Round "4"]
[White "Klingenberg, Florian"]
[Black "Bröll, Justin"]
[Result "0-1"]
[Termination "normal"]
[Board "10.3"]
[WhiteElo "961"]
[BlackElo "1032"]
[WhiteTeam "Karlsruher SF 1853"]
[BlackTeam "Sfr. Schöneck"]
[WhiteFideId "12983730"]
[BlackFideId "12983691"]
[EventCountry "GER"]
[EventRounds "7"]
[EventType "team-swiss"]
[EventDate "2013.12.26"]

1. c4 e5 2. Nc3 Nf6 3. g3 Bc5 4. Bg2 Nc6 5. Nf3 O-O 6. O-O Re8 7. b3 d6 8. Bb2
Be6 9. e3 Bg4 10. Ne2 Bxf3 11. Bxf3 e4 12. Bg2 d5 13. cxd5 Nxd5 14. d3 Nxe3 15.
fxe3 Bxe3+ 16. Kh1 exd3 17. Nf4 Bxf4 18. Rxf4 d2 19. Rf1 Qg5 20. Bc3 Rad8 21.
Rb1 Rd3 22. Bxc6 bxc6 23. Bb4 Qd5+ 24. Kg1 Qd4+ 25. Kh1 Qxb4 26. Kg2 Qe4+ 27.
Rf3 Rxf3 28. Qxf3 Qxb1 29. Qxc6 Qe4+ 30. Qxe4 Rxe4 31. Kf3 Re1 32. Kg2 d1=Q 33.
Kh3 Re2 34. a4 Qd5 35. Kh4 Qf5 36. b4 Re4+ 0-1